[Event "LSS No Engine Cup 188 Preliminary 0"]
[Site "LSS email"]
[Date "2019.03.14"]
[Round "?"]
[White "Werner, Hansruedi"]
[Black "Mweene, Telex"]
[Result "0-1"]
[WhiteElo "1449"]
[BlackElo "1600"]
[PlyCount "34"]
[EventDate "2019.03.15"]
[EventType "tourn (corr)"]
[EventRounds "6"]
[EventCountry "GER"]
[SourceTitle "Corr 2022"]
[Source "ChessBase"]
[SourceDate "2021.10.24"]
[SourceVersion "1"]
[SourceVersionDate "2021.10.24"]
[SourceQuality "1"]

1. e4 c5 2. Nc3 d6 3. f4 e6 4. Nf3 Nf6 5. Bc4 Be7 6. 0-0 0-0 7. d3 a6 8. f5 exf5 9. Bf4 fxe4 10. dxe4 b5 11. Be2 Nh5 12. Nd5 Nxf4 13. Nxf4 Re8 14. Nd5 Bf6 15. c3 Rxe4 16. Bd3 Re8 17. Qc2 h6 0-1

[Event "IECC CL0-2018.00 email"]
[Site "IECC email"]
[Date "2018.04.03"]
[Round "?"]
[White "Werner, Hansruedi"]
[Black "Pliska, Miroslav"]
[Result "0-1"]
[WhiteElo "1412"]
[BlackElo "1209"]
[PlyCount "58"]
[EventDate "2018.02.26"]
[EventType "tourn (corr)"]
[EventRounds "4"]
[SourceTitle "Corr 2022"]
[Source "ChessBase"]
[SourceDate "2021.10.24"]
[SourceVersion "1"]
[SourceVersionDate "2021.10.24"]
[SourceQuality "1"]

1. e4 c5 2. Nc3 Nc6 3. f4 d6 4. Nf3 Bg4 5. Bc4 e6 6. 0-0 Nge7 7. Qe1 a6 8. h3 Bxf3 9. gxf3 Nd4 10. Bd3 Ng6 11. Qg3 Be7 12. Kh1 b5 13. Ne2 Bh4 14. Qh2 Nxe2 15. Bxe2 f5 16. exf5 exf5 17. d3 0-0 18. a3 Qe7 19. Bd2 Bf6 20. c3 Rfe8 21. Rae1 Qb7 22. b4 Re7 23. bxc5 dxc5 24. d4 cxd4 25. cxd4 Bxd4 26. Bb4 Re6 27. Rd1 Be3 28. Bd6 Rxd6 29. Rxd6 Bxf4 0-1

[Event "LSS No Engine Cup 176 Preliminary 0"]
[Site "LSS email"]
[Date "2018.01.21"]
[Round "?"]
[White "Leisner, Jon"]
[Black "Werner, Hansruedi"]
[Result "1-0"]
[WhiteElo "1909"]
[BlackElo "1600"]
[PlyCount "47"]
[EventDate "2018.01.22"]
[EventType "tourn (corr)"]
[EventRounds "6"]
[EventCountry "GER"]
[SourceTitle "Corr 2022"]
[Source "ChessBase"]
[SourceDate "2021.10.24"]
[SourceVersion "1"]
[SourceVersionDate "2021.10.24"]
[SourceQuality "1"]

1. e4 d5 2. exd5 Qxd5 3. Nc3 Qa5 4. d4 c6 5. Nf3 Nf6 6. Bc4 Bf5 7. Bd2 e6 8. Nd5 Qd8 9. Nxf6+ gxf6 10. Bb3 Bd6 11. Qe2 Nd7 12. 0-0-0 Qc7 13. Nh4 Bg6 14. g3 0-0-0 15. Rhe1 Rde8 16. f4 Nb6 17. Ba5 Bxf4+ 18. Kb1 Bg5 19. Ng2 f5 20. Ka1 h5 21. c4 h4 22. Qf2 hxg3 23. hxg3 Rh2 24. c5 1-0

[Event "LSS No Engine Cup 176 Preliminary 0"]
[Site "LSS email"]
[Date "2018.01.21"]
[Round "?"]
[White "Werner, Hansruedi"]
[Black "Rosenthal, Alexander"]
[Result "0-1"]
[WhiteElo "1600"]
[BlackElo "2041"]
[PlyCount "66"]
[EventDate "2018.01.22"]
[EventType "tourn (corr)"]
[EventRounds "6"]
[EventCountry "GER"]
[SourceTitle "Corr 2022"]
[Source "ChessBase"]
[SourceDate "2021.10.24"]
[SourceVersion "1"]
[SourceVersionDate "2021.10.24"]
[SourceQuality "1"]

1. e4 c5 2. Nc3 Nc6 3. f4 e6 4. Nf3 d5 5. Bb5 Nf6 6. Bxc6+ bxc6 7. Qe2 Be7 8. d3 0-0 9. 0-0 c4 10. e5 cxd3 11. cxd3 Nd7 12. Na4 Ba6 13. b3 c5 14. Bd2 Rb8 15. Rac1 Rc8 16. Nb2 Bb5 17. Qf2 Qb6 18. Be3 d4 19. Bd2 Qa6 20. Nc4 Qxa2 21. Ra1 Qxb3 22. Ra3 Bxc4 23. Rxb3 Bxb3 24. Ra1 Ra8 25. Ba5 Bd5 26. Qc2 f6 27. exf6 Rxf6 28. Bc7 Rg6 29. Ne1 e5 30. fxe5 a6 31. g3 Rc8 32. Bd6 Bxd6 33. exd6 Rxd6 0-1

[Event "OP-2017-0-04499"]
[Site "LSS email"]
[Date "2017.12.28"]
[Round "?"]
[White "Caviglia, Maximiliano"]
[Black "Werner, Hansruedi"]
[Result "0-1"]
[WhiteElo "895"]
[BlackElo "1399"]
[PlyCount "60"]
[EventDate "2017.12.20"]
[EventType "tourn (corr)"]
[EventRounds "4"]
[EventCountry "GER"]
[SourceTitle "Corr 2022"]
[Source "ChessBase"]
[SourceDate "2021.10.24"]
[SourceVersion "1"]
[SourceVersionDate "2021.10.24"]
[SourceQuality "1"]

1. d4 Nf6 2. c4 c5 3. d5 b5 4. cxb5 a6 5. bxa6 g6 6. Nc3 Bxa6 7. e4 Bxf1 8. Kxf1 d6 9. g3 Bg7 10. Nf3 0-0 11. Kg2 Nbd7 12. Bg5 h6 13. Bf4 g5 14. Be3 Ng4 15. Qe2 Nxe3+ 16. Qxe3 Qb6 17. b3 g4 18. Nh4 e6 19. Rhd1 Qb4 20. Rac1 Bd4 21. Qd3 Ne5 22. Qc2 Bxc3 23. Qxc3 Qxe4+ 24. Kg1 Rxa2 25. Rd2 Rxd2 26. Qxd2 Qxd5 27. Qxh6 Rb8 28. Qg5+ Kf8 29. Qh6+ Ke7 30. Qg5+ Kd7 0-1

[Event "LSS No Engine Cup 175 Preliminary 0"]
[Site "LSS email"]
[Date "2017.12.10"]
[Round "?"]
[White "Feng, Jason"]
[Black "Werner, Hansruedi"]
[Result "1/2-1/2"]
[WhiteElo "1346"]
[BlackElo "1600"]
[PlyCount "31"]
[EventDate "2017.12.11"]
[EventType "tourn (corr)"]
[EventRounds "6"]
[EventCountry "GER"]
[SourceTitle "Corr 2022"]
[Source "ChessBase"]
[SourceDate "2021.10.24"]
[SourceVersion "1"]
[SourceVersionDate "2021.10.24"]
[SourceQuality "1"]

1. e4 d5 2. exd5 Qxd5 3. Nc3 Qa5 4. d4 c6 5. Bd2 Bf5 6. Nf3 Nf6 7. Bc4 e6 8. Ne4 Qc7 9. Nxf6+ gxf6 10. Bc3 Nd7 11. Qe2 0-0-0 12. Nh4 Bg6 13. Nxg6 hxg6 14. h3 Bh6 15. Bd2 Bxd2+ 16. Qxd2 1/2-1/2

[Event "LSS No Engine Cup 175 Preliminary 0"]
[Site "LSS email"]
[Date "2017.12.10"]
[Round "?"]
[White "Werner, Hansruedi"]
[Black "Arango Marin, Sixto Gregorio"]
[Result "1-0"]
[WhiteElo "1600"]
[BlackElo "1068"]
[PlyCount "107"]
[EventDate "2017.12.11"]
[EventType "tourn (corr)"]
[EventRounds "6"]
[EventCountry "GER"]
[SourceTitle "Corr 2022"]
[Source "ChessBase"]
[SourceDate "2021.10.24"]
[SourceVersion "1"]
[SourceVersionDate "2021.10.24"]
[SourceQuality "1"]

1. e4 e5 2. f4 Nc6 3. Nf3 d6 4. Bb5 Bd7 5. 0-0 a6 6. Ba4 Bg4 7. Bxc6+ bxc6 8. h3 Bh5 9. g4 Bg6 10. f5 Bxf5 11. exf5 Be7 12. d4 e4 13. Nfd2 d5 14. Nb3 Bg5 15. Na5 Bxc1 16. Qxc1 Qd6 17. Qf4 Qxf4 18. Rxf4 Kd7 19. Nd2 Nf6 20. Ndb3 Rhb8 21. Nc5+ Ke7 22. Nxc6+ Kd6 23. Nxb8 Rxb8 24. b3 a5 25. a4 h6 26. Re1 c6 27. Kf2 Re8 28. Nb7+ Kc7 29. Nxa5 Kb6 30. b4 Nh7 31. h4 Re7 32. Ke3 f6 33. Rc1 Nf8 34. c4 Rc7 35. cxd5 cxd5 36. Rxc7 Kxc7 37. Rf2 Nd7 38. Rc2+ Kb8 39. Rc6 Nf8 40. Rd6 Kc7 41. Rxd5 g6 42. Kxe4 g5 43. h5 Nd7 44. Nc4 Kc6 45. b5+ Kc7 46. a5 Nb8 47. Rc5+ Kb7 48. d5 Nd7 49. a6+ Kb8 50. Rc6 Ka8 51. Rc8+ Nb8 52. a7 Kxa7 53. Rc7+ Ka8 54. Nb6# 1-0

[Event "LSS No Engine Cup 175 Preliminary 0"]
[Site "LSS email"]
[Date "2017.12.10"]
[Round "?"]
[White "Wilshusen, Horst"]
[Black "Werner, Hansruedi"]
[Result "1-0"]
[WhiteElo "1615"]
[BlackElo "1600"]
[PlyCount "51"]
[EventDate "2017.12.11"]
[EventType "tourn (corr)"]
[EventRounds "6"]
[EventCountry "GER"]
[SourceTitle "Corr 2022"]
[Source "ChessBase"]
[SourceDate "2021.10.24"]
[SourceVersion "1"]
[SourceVersionDate "2021.10.24"]
[SourceQuality "1"]

1. e4 d5 2. exd5 Qxd5 3. Nc3 Qa5 4. Nf3 Nf6 5. d4 c6 6. Ne5 Bf5 7. Nc4 Qd8 8. Be2 e6 9. g4 Bg6 10. h4 h6 11. h5 Bh7 12. g5 hxg5 13. Bxg5 Nbd7 14. Qd2 b5 15. Ne3 b4 16. Na4 Ne4 17. Bxd8 Nxd2 18. Bh4 Ne4 19. f3 Nef6 20. 0-0-0 Nxh5 21. Ba6 Rb8 22. Nc4 Nf4 23. Ne5 Nxe5 24. dxe5 Ng6 25. Bb7 c5 26. Bc6# 1-0

[Event "RF-2017-0-00413"]
[Site "LSS email"]
[Date "2017.11.19"]
[Round "?"]
[White "Couspeyre, Thierry"]
[Black "Werner, Hansruedi"]
[Result "1-0"]
[WhiteElo "1324"]
[BlackElo "800"]
[PlyCount "27"]
[EventDate "2017.10.15"]
[EventType "tourn (corr)"]
[EventRounds "6"]
[EventCountry "GER"]
[SourceTitle "Corr 2022"]
[Source "ChessBase"]
[SourceDate "2021.10.24"]
[SourceVersion "1"]
[SourceVersionDate "2021.10.24"]
[SourceQuality "1"]

1. d4 Nf6 2. c4 c5 3. d5 b5 4. cxb5 a6 5. bxa6 g6 6. e4 Nxe4 7. Qc2 Qa5+ 8. Nd2 Nd6 9. b4 cxb4 10. Bb2 f6 11. Nc4 Qxd5 12. Nxd6+ exd6 13. Qxc8+ Ke7 14. a7 1-0

[Event "RF-2017-0-00413"]
[Site "LSS email"]
[Date "2017.11.19"]
[Round "?"]
[White "Raines, David T"]
[Black "Werner, Hansruedi"]
[Result "0-1"]
[WhiteElo "1174"]
[BlackElo "800"]
[PlyCount "34"]
[EventDate "2017.10.15"]
[EventType "tourn (corr)"]
[EventRounds "6"]
[EventCountry "GER"]
[SourceTitle "Corr 2022"]
[Source "ChessBase"]
[SourceDate "2021.10.24"]
[SourceVersion "1"]
[SourceVersionDate "2021.10.24"]
[SourceQuality "1"]

1. d4 Nf6 2. Nf3 d5 3. e3 e6 4. c4 Be7 5. Nc3 0-0 6. Bd3 Nc6 7. a3 b6 8. b4 Re8 9. c5 bxc5 10. dxc5 a5 11. b5 e5 12. e4 Nd4 13. c6 dxe4 14. Nxe4 Bg4 15. 0-0 Qd5 16. Re1 Rad8 17. Nxf6+ Bxf6 0-1

[Event "RF-2017-0-00413"]
[Site "LSS email"]
[Date "2017.11.19"]
[Round "?"]
[White "Werner, Hansruedi"]
[Black "Chandler, Mark"]
[Result "1-0"]
[WhiteElo "800"]
[BlackElo "1068"]
[PlyCount "53"]
[EventDate "2017.10.15"]
[EventType "tourn (corr)"]
[EventRounds "6"]
[EventCountry "GER"]
[SourceTitle "Corr 2022"]
[Source "ChessBase"]
[SourceDate "2021.10.24"]
[SourceVersion "1"]
[SourceVersionDate "2021.10.24"]
[SourceQuality "1"]

1. e4 e5 2. f4 exf4 3. Nf3 d5 4. exd5 Bc5 5. d4 Bb6 6. Bb5+ c6 7. dxc6 bxc6 8. Bc4 Qe7+ 9. Kf2 Qf6 10. Re1+ Ne7 11. Nc3 0-0 12. Bxf4 Qxf4 13. Rxe7 Bg4 14. Re4 Qf5 15. h3 Bxf3 16. Qxf3 Qd7 17. Rd1 Qd6 18. Kf1 Nd7 19. d5 Nf6 20. dxc6 Qxc6 21. Nd5 Nxd5 22. Bxd5 Qxc2 23. Bxa8 Rxa8 24. Qe2 Qc6 25. Qc4 Qg6 26. Rde1 Kf8 27. Qb4+ 1-0

[Event "OP-2017-0-04468"]
[Site "LSS email"]
[Date "2017.11.13"]
[Round "?"]
[White "Wernitz, Helmut"]
[Black "Werner, Hansruedi"]
[Result "1-0"]
[WhiteElo "1734"]
[BlackElo "1436"]
[PlyCount "41"]
[EventDate "2017.10.30"]
[EventType "tourn (corr)"]
[EventRounds "4"]
[EventCountry "GER"]
[SourceTitle "Corr 2022"]
[Source "ChessBase"]
[SourceDate "2021.10.24"]
[SourceVersion "1"]
[SourceVersionDate "2021.10.24"]
[SourceQuality "1"]

1. e4 d5 2. exd5 Qxd5 3. Nc3 Qa5 4. d4 c6 5. Bc4 Bf5 6. Nf3 Nf6 7. 0-0 e6 8. Re1 Nbd7 9. a3 Bd6 10. Qe2 0-0 11. Ne5 Bxe5 12. dxe5 Nd5 13. Bd2 Qd8 14. Bb3 f6 15. exf6 Qxf6 16. f3 Nc5 17. Ba2 Bxc2 18. Qc4 Nd7 19. Nxd5 exd5 20. Qxc2 Kh8 21. Bb1 1-0

[Event "IECC CL0-2017.00 email"]
[Site "IECC email"]
[Date "2017.11.02"]
[Round "?"]
[White "Werner, Hansruedi"]
[Black "Verich, Oleg"]
[Result "1-0"]
[WhiteElo "800"]
[BlackElo "1186"]
[PlyCount "70"]
[EventDate "2017.10.01"]
[EventType "tourn (corr)"]
[EventRounds "4"]
[SourceTitle "Corr 2022"]
[Source "ChessBase"]
[SourceDate "2021.10.24"]
[SourceVersion "1"]
[SourceVersionDate "2021.10.24"]
[SourceQuality "1"]

1. e4 e5 2. f4 d5 3. exd5 e4 4. d3 Nf6 5. dxe4 Nxe4 6. Nf3 Bc5 7. Qe2 Qe7 8. Be3 Bf5 9. Bxc5 Qxc5 10. g4 Qb4+ 11. c3 Qb6 12. gxf5 0-0 13. Qxe4 Qxb2 14. Rg1 f6 15. Qe6+ Kh8 16. Ne5 fxe5 17. Qxe5 Rg8 18. f6 Qc1+ 19. Ke2 Qb2+ 20. Kd3 Qb5+ 21. c4 Qd7 22. fxg7+ Rxg7 23. Rxg7 Qxg7 24. Qxg7+ Kxg7 25. Nc3 Nd7 26. Re1 Kf7 27. Nb5 Nc5+ 28. Kd4 Na6 29. Bh3 Nb4 30. Re2 c5+ 31. dxc6 Nxc6+ 32. Kc5 Kf8 33. Nc7 Rb8 34. Bd7 Ne7 35. Ne6+ Kf7 1-0

[Event "IECC CL0-2017.00 email"]
[Site "IECC email"]
[Date "2017.10.30"]
[Round "?"]
[White "Pehl, Ferenc"]
[Black "Werner, Hansruedi"]
[Result "0-1"]
[WhiteElo "924"]
[BlackElo "800"]
[PlyCount "50"]
[EventDate "2017.09.24"]
[EventType "tourn (corr)"]
[EventRounds "4"]
[SourceTitle "Corr 2022"]
[Source "ChessBase"]
[SourceDate "2021.10.24"]
[SourceVersion "1"]
[SourceVersionDate "2021.10.24"]
[SourceQuality "1"]

1. e4 d5 2. exd5 Qxd5 3. Nc3 Qa5 4. h3 Nf6 5. d4 c6 6. Bd2 Bf5 7. Ne4 Qc7 8. Nxf6+ gxf6 9. Nf3 e6 10. Be3 Nd7 11. Bd3 Bg6 12. a3 Bd6 13. Bxg6 fxg6 14. 0-0 0-0-0 15. c4 Kb8 16. Qd2 Nb6 17. Rfc1 c5 18. d5 exd5 19. cxd5 Nxd5 20. Bxc5 Bxc5 21. b4 Nxb4 22. Qc3 Bxf2+ 23. Kxf2 Qb6+ 24. Kf1 Nd5 25. Qd4 Ne3+ 0-1

[Event "RN-2017-0-01357"]
[Site "LSS email"]
[Date "2017.10.27"]
[Round "?"]
[White "Werner, Hansruedi"]
[Black "Ducharme, Steven"]
[Result "1-0"]
[WhiteElo "800"]
[BlackElo "830"]
[PlyCount "39"]
[EventDate "2017.10.13"]
[EventType "tourn (corr)"]
[EventRounds "6"]
[EventCountry "GER"]
[SourceTitle "Corr 2022"]
[Source "ChessBase"]
[SourceDate "2021.10.24"]
[SourceVersion "1"]
[SourceVersionDate "2021.10.24"]
[SourceQuality "1"]

1. e4 c5 2. Nc3 e6 3. f4 Nc6 4. Nf3 d6 5. Bb5 Bd7 6. 0-0 a6 7. Be2 Nge7 8. d4 cxd4 9. Nxd4 Nxd4 10. Qxd4 Nc6 11. Qf2 Be7 12. f5 Bf6 13. Bf4 e5 14. Be3 0-0 15. Bb6 Qe7 16. Nd5 Qe8 17. Nxf6+ gxf6 18. Qh4 Nd4 19. Bxd4 exd4 20. Rf3 1-0